| 000 | 00701nmm a2200253Ia 4500 | ||
|---|---|---|---|
| 008 | 251105s9999||||xx |||||||||||||||||und|| | ||
| 020 | _a9788498958287 | ||
| 041 | _aspa | ||
| 100 | _aMateo, José | ||
| 245 | 0 |
_aDías únicos : _b Antología Poética |
|
| 264 |
_a[Madrid, España] : _bVisor Libros, _c2012 |
||
| 300 | _a118 páginas | ||
| 490 | _aVisor de Poesía | ||
| 650 | _aOther poetry | ||
| 700 | _aMateo, José | ||
| 700 | 1 | _a Mateo, José | |
| 700 | 1 | _a Mateo, José | |
| 700 | 1 | _a Dyakonova, Xènia | |
| 700 | 1 | _a Dyakonova, Xènia | |
| 700 | 1 | _a Dyakonova, Xènia | |
| 700 | 1 | _a Pasternak, Borís | |
| 856 | _uhttps://public.digitaliapublishing.com/a/41508 | ||
| 942 | _cCF | ||
| 999 |
_c68614 _d68614 |
||